000840145 001__ 840145 000840145 005__ 20251107160122.0 000840145 0247_ $$2ISBN$$a978-3-936804-27-0 000840145 037__ $$aRWTH-2022-01059 000840145 041__ $$aGerman 000840145 1001_ $$0P:(DE-82)IDM02252$$aBüsing, Christina Maria Katharina$$b0$$urwth 000840145 1112_ $$a66. Kongress der Gesellschaft für Arbeitswissenschaft$$conline$$d2020-03-16 - 2020-03-18 000840145 245__ $$aAgentenbasierte Simulation medizinischer Versorgungsprozesse in ländlichen Gebieten unter Zuhilfenahme aktueller Daten der IKT-Nutzung und Technikaffinität älterer Patienten$$hdata medium, online 000840145 260__ $$aDortmund$$bGfA Press$$c2020 000840145 29510 $$aDigitale Arbeit, digitaler Wandel, digitaler Mensch? : 66. Kongress der Gesellschaft für Arbeitswissenschaft, TU Berlin, Fachgebiet Mensch-Maschine-Systeme/HU Berlin, Professur Ingenieurpsychologie, 16.-18. März 2020, Berlin / Gesellschaft für Arbeitswissenschaft e.V. 000840145 300__ $$aB.17.4, 1-6 000840145 3367_ $$033$$2EndNote$$aConference Paper 000840145 3367_ $$0PUB:(DE-HGF)7$$2PUB:(DE-HGF)$$aContribution to a book 000840145 3367_ $$0PUB:(DE-HGF)8$$2PUB:(DE-HGF)$$aContribution to a conference proceedings$$bcontrib$$mcontrib 000840145 3367_ $$2BibTeX$$aINPROCEEDINGS 000840145 3367_ $$2DRIVER$$aconferenceObject 000840145 3367_ $$2DataCite$$aOutput Types/Conference Paper 000840145 3367_ $$2ORCID$$aCONFERENCE_PAPER 000840145 500__ $$aDatenträger: CD-ROM 000840145 591__ $$aGermany 000840145 7001_ $$0P:(DE-82)IDM04265$$aSchmitz, Sabrina$$b1$$urwth 000840145 7001_ $$0P:(DE-82)IDM04471$$aAnapolska, Mariia$$b2$$urwth 000840145 7001_ $$0P:(DE-82)IDM00207$$aWille, Matthias$$b3$$urwth 000840145 7001_ $$0P:(DE-82)IDM00194$$aBrandl, Christopher$$b4$$urwth 000840145 7001_ $$0P:(DE-82)IDM00412$$aTheis, Sabine$$b5$$urwth 000840145 7001_ $$0P:(DE-82)IDM02836$$aNitsch, Verena$$b6$$urwth 000840145 7001_ $$0P:(DE-82)IDM00203$$aMertens, Alexander$$b7$$urwth 000840145 8564_ $$uhttps://gfa2020.gesellschaft-fuer-arbeitswissenschaft.de/inhalt/B.17.4.pdf$$yFulltext 000840145 909CO $$ooai:publications.rwth-aachen.de:840145$$pVDB 000840145 9101_ $$0I:(DE-588b)36225-6$$6P:(DE-82)IDM02252$$aRWTH Aachen$$b0$$kRWTH 000840145 9101_ $$0I:(DE-588b)36225-6$$6P:(DE-82)IDM04265$$aRWTH Aachen$$b1$$kRWTH 000840145 9101_ $$0I:(DE-588b)36225-6$$6P:(DE-82)IDM04471$$aRWTH Aachen$$b2$$kRWTH 000840145 9101_ $$0I:(DE-588b)36225-6$$6P:(DE-82)IDM00207$$aRWTH Aachen$$b3$$kRWTH 000840145 9101_ $$0I:(DE-588b)36225-6$$6P:(DE-82)IDM00194$$aRWTH Aachen$$b4$$kRWTH 000840145 9101_ $$0I:(DE-588b)36225-6$$6P:(DE-82)IDM00412$$aRWTH Aachen$$b5$$kRWTH 000840145 9101_ $$0I:(DE-588b)36225-6$$6P:(DE-82)IDM02836$$aRWTH Aachen$$b6$$kRWTH 000840145 9101_ $$0I:(DE-588b)36225-6$$6P:(DE-82)IDM00203$$aRWTH Aachen$$b7$$kRWTH 000840145 9141_ $$y2020 000840145 9201_ $$0I:(DE-82)417110_20140620$$k417110$$lLehrstuhl und Institut für Arbeitswissenschaft$$x0 000840145 9201_ $$0I:(DE-82)119530_20160630$$k119530$$lJuniorprofessur für Robuste Planung in der medizinischen Versorgung$$x1 000840145 9201_ $$0I:(DE-82)110000_20140620$$k110000$$lFachgruppe Mathematik$$x2 000840145 961__ $$c2022-01-28T17:02:22.434456$$x2022-01-28T17:02:22.434456$$z2022-01-31 000840145 980__ $$aI:(DE-82)110000_20140620 000840145 980__ $$aI:(DE-82)119530_20160630 000840145 980__ $$aI:(DE-82)417110_20140620 000840145 980__ $$aUNRESTRICTED 000840145 980__ $$aVDB 000840145 980__ $$acontb 000840145 980__ $$acontrib